Normal view
MARC view
- Zakria, Ayesha
Entry Personal Name
001 - CONTROL NUMBER
- control field: 16987
003 - CONTROL NUMBER IDENTIFIER
- control field: NUST
005 - DATE AND TIME OF LATEST TRANSACTION
- control field: 20190708055249.0
008 - FIXED-LENGTH DATA ELEMENTS
- fixed length control field: 190708|| aca||aabn | a|a d
040 ## - CATALOGING SOURCE
- Original cataloging agency: NUST
- Transcribing agency: NUST
100 ## - HEADING--PERSONAL NAME
- Personal name: Zakria, Ayesha
670 ## - SOURCE DATA FOUND
- Source citation: Work cat.: (NUST): Zakria, Ayesha, Center of Mass Energy of the Collision for Two Neutral Particles Around Black Holes /, 2015.
